| 000 | 01162nam a2200229Ia 4500 | ||
|---|---|---|---|
| 008 | 0000002002 usad 0000000000eng00 | ||
| 090 | _aPUS00 D27v2 | ||
| 100 | 1 |
_aDesiderio, Vincent _d1955 |
|
| 245 | 1 | 0 |
_aVincent Desiderio _b: oil on paper |
| 300 |
_a[10] p. _c/ 30 cm. |
||
| 500 | _aExposición realizada en Marlborough, New York, enero 8 a febrero 2 de 2002 \ Incluye datos biográficos del artista \ Registro auspiciado por la FGAA. Bogotá | ||
| 505 | _aOBRAS : Landscape. Panel (Figure). Untitled (The dream). Blue Samuel. Nike. Untitled (Boy lying down). Untitled (Rear view male). The bustle in the house. Sleeping boy. Untitled (Mirror with two women). Untilted (Triptich: water, head, Xray). Untitled (Diptych: baby, bowl. Untiltled (Reclining Sam) | ||
| 600 | 0 | 0 |
_aDESIDERIO, VINCENT, 1955/ _xTRABAJOS PICTORICOS |
| 650 | 1 | 4 | _aARTE CONTEMPORANEO ESTADOUNIDENSE |
| 650 | 1 | 4 | _aARTISTAS PLASTICOS ESTADOUNIDENSES |
| 650 | 1 | 4 | _xCATALOGOS |
| 650 | 1 | 4 | _xEXPOSICIONES |
| 650 | 1 | 4 | _aPINTORES ESTADOUNIDENSES |
| 650 | 1 | 4 | _aPINTURA AL OLEO |
| 650 | 1 | 4 | _aPINTURA ESTADOUNIDENSE |
| 999 |
_c10524 _d10524 |
||
| 260 |
_aNew York : Marlborough _c2002 |
||